Zákon o kolektivním vyjednávání a právní úprava kolektivních smluv s komentářem.
Význam zákona o kolektívnom vyjednávaní schváleného Federálnym zhromaždením ČSFR 4.12.1990. Právna úprava kolektívnych zmlúv, ich účel a obsah. Zmluvné strany a stupne kolektívnych zmlúv. Kolektívne spory a spôsoby ich riešenia. Štrajk a výluka v spore o uzatváraní kolektívnej zmluvy.
Salvato in:
| Autore principale: | |
|---|---|
| Natura: | Capitolo di libro |
| Lingua: | ceco |
| Soggetti: | |
| Tags: |
Nessun Tag, puoi essere il primo ad aggiungerne!!
|
MARC
| LEADER | 00000naa a2200000 4500 | ||
|---|---|---|---|
| 001 | r003335 | ||
| 005 | 20221125081054.4 | ||
| 041 | 0 | |a cze | |
| 044 | |a [CS] | ||
| 245 | 1 | 0 | |a Zákon o kolektivním vyjednávání a právní úprava kolektivních smluv s komentářem. |c B. Šubrt |
| 520 | |a Význam zákona o kolektívnom vyjednávaní schváleného Federálnym zhromaždením ČSFR 4.12.1990. Právna úprava kolektívnych zmlúv, ich účel a obsah. Zmluvné strany a stupne kolektívnych zmlúv. Kolektívne spory a spôsoby ich riešenia. Štrajk a výluka v spore o uzatváraní kolektívnej zmluvy. | ||
| 610 | 2 | 0 | |a zmluvy kolektívne |
| 610 | 2 | 0 | |a zákony |
| 610 | 2 | 0 | |a FZ ČSFR Praha |
| 610 | 2 | 0 | |a 1990 |
| 610 | 2 | 0 | |a predpisy právne |
| 610 | 2 | 0 | |a štrajky |
| 610 | 2 | 0 | |a spory pracovné |
| 100 | 1 | |a Šubrt, B. | |